Normal view MARC view

Entry Nombre de reunión

Number of records used in: 4

001 - NÚMERO DE CONTROL

  • campo de control: 32911

003 - IDENTIFICADOR DEL NÚMERO DE CONTROL

  • campo de control: FranzMayer

005 - FECHA Y HORA DE LA ÚLTIMA TRANSACCIÓN

  • campo de control: 20260530113907.0

008 - DATOS DE LONGITUD FIJA

  • campo de control de longitud fija: 260530|| aca||aabn | a|a d

040 ## - FUENTE DE LA CATALOGACIÓN

  • Centro catalogador/agencia de origen: FranzMayer
  • Centro/agencia transcriptor: FranzMayer

111 ## - ENCABEZAMIENTO--NOMBRE DE CONGRESO/REUNIÓN

  • Nombre de congreso/reunión o jurisdicción como elemento de entrada: ICSID
  • Sede del congreso/Lugar de la reunión: (Seoul, Korea :
  • Fecha del congreso/reunión: October 2001)

670 ## - FUENTE DE DATOS ENCONTRADOS

  • Cita de la fuente: Work cat.: (FranzMayer)11987: ICSID (Seoul, Korea : October 2001), Proceedings ICSID 2002 Seoul /